| 000 -LEADER | |
|---|---|
| fixed length control field | 00480nam a22001817a 4500 |
| 005 - DATE AND TIME OF LATEST TRANSACTION | |
| control field | 20230110123113.0 |
| 008 - FIXED-LENGTH DATA ELEMENTS--GENERAL INFORMATION | |
| fixed length control field | 221220b |||||||| |||| 00| 0 eng d |
| 020 ## - INTERNATIONAL STANDARD BOOK NUMBER | |
| ISBN | 978-81-312-6497-3 |
| 041 ## - LANGUAGE CODE | |
| Language code of text/sound track or separate title | eng |
| 082 ## - DEWEY DECIMAL CLASSIFICATION NUMBER | |
| Classification number | 612.0 SAT-E |
| 100 ## - MAIN ENTRY--AUTHOR NAME | |
| Personal name | SATVANARAYANA , U. AND CHAKRAPANI , . |
| 245 ## - TITLE STATEMENT | |
| Title | ESSENTAIL OF BIOCHEMISTRY |
| 250 ## - EDITION STATEMENT | |
| Edition statement | 3rd ed. |
| 260 ## - PUBLICATION, DISTRIBUTION, ETC. (IMPRINT) | |
| Place of publication | KOLKATA |
| Name of publisher | BOOK & ALLIED |
| Year of publication | 2021 |
| 300 ## - PHYSICAL DESCRIPTION | |
| Number of Pages | 441;P. |
| 650 ## - SUBJECT ADDED ENTRY--TOPICAL TERM | |
| Topical Term | PHARMACY |
| General subdivision | D.PHARMACY |
| 942 ## - ADDED ENTRY ELEMENTS (KOHA) | |
| Koha item type | Books |
| Lost status | Damaged status | Collection code | Home library | Current library | Shelving location | Date acquired | Source of acquisition | Cost, normal purchase price | Full call number | Accession Number | Koha item type |
|---|---|---|---|---|---|---|---|---|---|---|---|
| PHARMACY | JRU Library | JRU Library | SHELF-104-B | 09/11/2022 | LOHIA BOOK INTERNATIONAL | 850.00 | 612.0-SAT-E | 27189 | Books | ||
| PHARMACY | JRU Library | JRU Library | SHELF-17-F | 09/11/2022 | LOHIA BOOK INTERNATIONAL | 850.00 | 612.0-SAT-E | 27190 | Books | ||
| PHARMACY | JRU Library | JRU Library | SHELF-104-B | 09/11/2022 | LOHIA BOOK INTERNATIONAL | 850.00 | 612.0-SAT-E | 27191 | Books | ||
| PHARMACY | JRU Library | JRU Library | SHELF-104-B | 09/11/2022 | LOHIA BOOK INTERNATIONAL | 850.00 | 612.0-SAT-E | 27192 | Books | ||
| PHARMACY | JRU Library | JRU Library | Shelf - 22- H | 09/11/2022 | LOHIA BOOK INTERNATIONAL | 850.00 | 612.0-SAT-E | 27193 | Books | ||
| PHARMACY | JRU Library | JRU Library | SHELF-104-B | 09/11/2022 | LOHIA BOOK INTERNATIONAL | 850.00 | 612.0-SAT-E | 27194 | Books | ||
| PHARMACY | JRU Library | JRU Library | SHELF-104-B | 09/11/2022 | LOHIA BOOK INTERNATIONAL | 850.00 | 612.0-SAT-E | 27195 | Books | ||
| PHARMACY | JRU Library | JRU Library | SHELF-104-B | 09/11/2022 | LOHIA BOOK INTERNATIONAL | 850.00 | 612.0-SAT-E | 27196 | Books |